banner koha

Sucesso no controle exige rígida fiscalização (Registro n. 299620)

MARC details
000 -LÍDER
fixed length control field 01020nab a2200301 4500
003 - CÓDIGO MARC DA AGÊNCIA CATALOGADORA
Campo de controle BR-BrBNA
005 - DATA E HORA DA ÚLTIMA ATUALIZAÇÃO
Campo de controle 20240515161033.0
008 - CAMPO DE TAMANHO FIXO
fixed length control field 240515b bl.||||| |||| 00| 0 por d
040 ## - FONTE DA CATALOGAÇÃO
Agência catalogadora BR-BrBNA
Idioma da catalogação por
072 ## - CATEGORIA AGRIS
Código AGRIS H20 ; H10 ; H01
Código do objeto 4110 ; 4020
110 ## - ENTRADA PRINCIPAL - ENTIDADE
Nome da entidade ou lugar Fundo de Defesa da Citricultura, Araraquara, SP (Brasil)
245 ## - TÍTULO PRINCIPAL
Título principal Sucesso no controle exige rígida fiscalização
Subtítulo Greening
500 ## - NOTA GERAL
Nota geral 4 illus.
942 ## - ADDED ENTRY ELEMENTS (KOHA)
Koha item type
110 ## - ENTRADA PRINCIPAL - ENTIDADE
-- 5192
650 ## - ASSUNTO - THESAGRO
Cabeçalho tópico ou nome geográfico CITRICULTURA
650 ## - ASSUNTO - THESAGRO
Cabeçalho tópico ou nome geográfico DOENÇA BACTERIANA
650 ## - ASSUNTO - THESAGRO
Cabeçalho tópico ou nome geográfico DOENÇA DE PLANTA
650 ## - ASSUNTO - THESAGRO
Cabeçalho tópico ou nome geográfico INSETO
650 ## - ASSUNTO - THESAGRO
Cabeçalho tópico ou nome geográfico VETOR
650 ## - ASSUNTO - THESAGRO
Cabeçalho tópico ou nome geográfico PRAGA DE PLANTA
650 ## - ASSUNTO - THESAGRO
Cabeçalho tópico ou nome geográfico PROFILAXIA
650 ## - ASSUNTO - THESAGRO
Cabeçalho tópico ou nome geográfico INSPEÇÃO VEGETAL
650 ## - ASSUNTO - THESAGRO
Cabeçalho tópico ou nome geográfico ERRADICAÇÃO
650 ## - ASSUNTO - THESAGRO
Cabeçalho tópico ou nome geográfico CERTIFICAÇÃO DE MUDA
650 ## - ASSUNTO - THESAGRO
Cabeçalho tópico ou nome geográfico CONTROLE QUÍMICO
773 0# - ENTRADA ANALÍTICA
Host Biblionumber 4769
Registro do item 314634
Imprenta Bebedouro - SP Grupo Técnico de Assistência e Consultoria em Citrus 2001
Outro identificador 2024-0886
Título Ciência e Pratica (Brazil)
Colação v. 7(27) p. 20-23; (Oct-Dec 2007)
Número de controle de registro BR2024001181

Nenhum exemplar disponível.

BINAGRI

Telefone: (61)3218-2567/2388/3357/2097 - binagri@agro.gov.br

Ministério da Agricultura e Pecuária , Esplanada dos Ministérios, Bloco D, Anexo B, Brasília/DF, CEP: 70.043-900